000 00290nam a22001337a 4500
008 170718b xxu||||| |||| 00| 0 eng d
020 _a0940368293
041 _aeng
080 _a2
100 _a24
101 _aTEO
245 _aA SHORT STORY OF HIS LIFE
_cRAZWY, A.A
942 _2udc
_cBK
999 _c21421
_d21421